Data: všichni o nich mluví, ale prakticky sa nic moc neděje

Už rok smernica GDPR nadobudla účinnosť. Jej dopad na banky. Spôsob práce bánk s dátami (skóringové a marketingové). Prekážky a prínosy smernice GDPR.

Salvato in:
Dettagli Bibliografici
Autore principale: Sobková, Martina
Natura: Capitolo di libro
Lingua:ceco
Soggetti:
Tags: Aggiungi Tag
Nessun Tag, puoi essere il primo ad aggiungerne!!

MARC

LEADER 00000naa a2200000 4500
001 0259343
005 20191031100423.8
041 0 |a cze 
044 |a CZ 
245 1 0 |a Data: všichni o nich mluví, ale prakticky sa nic moc neděje  |c Martina Sobková 
520 |a Už rok smernica GDPR nadobudla účinnosť. Jej dopad na banky. Spôsob práce bánk s dátami (skóringové a marketingové). Prekážky a prínosy smernice GDPR. 
610 2 0 |a údaje osobné 
610 2 0 |a ochrana údajov osobných 
610 2 0 |a banky 
610 2 0 |a legislatíva 
100 1 |a Sobková, Martina